Länder, die einen Buchstaben enthalten - B - Statistiken

Allgemein
  • Dieses Quiz wurde 1.778 mal gespielt
  • Das Durchschnittsergebnis liegt bei 30 aus 46
Antwortstatistiken
Hinweis Land % Korrekt
1 x B Belgien
95%
1 x B Brasilien
91%
1 x B Bulgarien
83%
1 x B Bolivien
82%
1 x B Bahamas
80%
1 x B Bangladesch
80%
1 x B Bosnien und Herzegowina
80%
3 x B Barbados
78%
1 x B Bhutan
76%
1 x B Botswana
76%
1 x B Belize
74%
1 x B Benin
74%
1 x B Albanien
73%
1 x B Belarus
73%
1 x B Brunei
72%
1 x B Bahrain
71%
1 x B Burundi
71%
1 x B Libyen
68%
1 x B Kolumbien
66%
1 x B Aserbaidschan
65%
1 x B Libanon
65%
1 x B Saudi-Arabien
65%
1 x B Burkina Faso
64%
1 x B Sambia
63%
1 x B Usbekistan
62%
1 x B Demokratische Republik Kongo
61%
1 x B Gambia
61%
1 x B Namibia
61%
3 x B Simbabwe
61%
1 x B Vereinigte Arabische Emirate
61%
1 x B Republik Kongo
60%
1 x B Serbien
59%
1 x B Gabun
58%
1 x B Kambodscha
58%
1 x B Liberia
58%
3 x B Antigua und Barbuda
57%
1 x B Elfenbeinküste
57%
1 x B Dominikanische Republik
56%
1 x B Luxemburg
56%
1 x B Trinidad und Tobago
56%
1 x B Kuba
55%
1 x B Mosambik
54%
1 x B Zentralafrikanische Republik
54%
1 x B Dschibuti
52%
1 x B Guinea-Bissau
51%
1 x B Kiribati
44%
Keine übereinstimmenden Quizze gefunden
Verteilung der Resultate
Anzahl Personen mit jedem Resultat
Perzentil nach korrekt beantworteten Fragen
Ihre Resultats-Entwicklung
Sie haben dieses Quiz noch nicht gespielt